000
00225nam a2200097Ia 4500
005
20251222114406.0
008
251222s1900||||xx |||||||||||||| ||spa||
082
_a
DVD0099/H79/1995
245
0
_a
Mistery of the Maya:
942
_c
DVD
999
_c
1822
_d
1822